| 000 | 00613nam a2200229 a 4500 | ||
|---|---|---|---|
| 999 |
_c4320 _d4320 |
||
| 001 | 13653 | ||
| 003 | BD-DhUAP | ||
| 005 | 20201205115212.0 | ||
| 008 | 201105s2008 ii a 000 0 mul d | ||
| 020 | _a9788189874070 | ||
| 040 |
_aBD-DhAAL _cBD-DhAAL _bEng _dBD-DhUAP |
||
| 082 | 0 | 0 |
_a530 KAR _223 |
| 100 | 1 | _aKarmakar, Pranab Kumar. | |
| 245 | 1 | 0 |
_aOutlines of physics / _cPranab Kumar Karmakar. |
| 250 | _a1st ed. | ||
| 260 |
_aKolkata : _bPlatinum Publishers, _cc2008. |
||
| 300 |
_avolumes : _billustrations ; _c24 cm. |
||
| 505 | _aV. 2-- | ||
| 650 | 0 | _aPhysics. | |
| 942 |
_2ddc _cBK |
||